000 01195nam a2200241Ia 4500
003 OSt
005 20260409102857.0
008 160316s2002 xxu||||| |||| 00| 0 eng d
020 _a9780511329777
040 _cn
082 _a320.54 WIM
100 _aWimmer Andreas
245 _aNationalist exclusion and ethnic conflict : Shadows of modernity /
_b Andreas Wimmer
260 _aCambridge
_bCambridge University Press
_c2002
300 _a319p
_cvii
365 _bRs.990
505 _aContents Introduction; Part I. Theoretical Explorations: 1. Compromise and closure: a theory of social dynamics; 2. The making of modern communities; Part II. State Building and Ethnic Conflict: 3. Who owns the state? Ethnic conflicts after the end of empires; 4. Nationalism and ethnic mobilisation in Mexico; 5. From empire to ethnocracy. Iraq since the Ottomans; Part III. The Politics of Exclusion in Nationalised States: 6. Racism and xenophobia; 7. Nationalising multi-ethnic Switzerland.
650 _aNational state - Nationalism
650 _aEthnic Groups - Political Activity
650 _aImmigrants - Minorities - Political activity
700 _a
_a
942 _2ddc
_cBK
999 _c20579
_d20579